Statistics for Every Chelsea FC Manager Under Roman Abramovich

Click here to take the quiz!

General Stats

  • This quiz has been taken 105 times
  • The average score is 11 of 15

Answer Stats

YearsAnswer% Correct
2004-2007 | 2013-2015Jose Mourinho
99%
2016-2018Antonio Conte
92%
2009-2011Carlo Ancelotti
85%
2018-PresentMaurizio Sarri
85%
2012Roberto Di Matteo
84%
2011-2012Andre Villas Boas
80%
2007-2008Avram Grant
74%
2009 | 2015-2016Guus Hiddink
74%
2003-2004Claudio Ranieri
72%
2008-2009Felipe Scolari
72%
2012-2013Rafael Benitez
71%
2009Ray Wilkins
34%
2015Steve Holland
19%

Score Distribution

Percentile by Number Answered

Percent of People with Each Score

Your Score History

You have not taken this quiz